Der neue Weg im ersten Rechenunterricht : (1. und 2. Schuljahr) /

Hlavní autor: Koller, Eugen
Jazyk: Němčina
Vydáno: Ansbach : Prögel, 1943
Vydání: 3. Auflage
Edice: Neue Weg
Fyzický popis: VII, 256 stran
Knihy
Uloženo v:
LEADER 00801nam a22002652i 4500
001 001498245
003 CZ BrMZK
005 20160505091433.0
007 ta
008 151124s1943 gw er|||||||||||ger d
040 |a BOA001  |b cze  |e rda 
100 1 |a Koller, Eugen  |4 aut 
245 1 4 |a Der neue Weg im ersten Rechenunterricht :  |b (1. und 2. Schuljahr) /  |c von Eugen Koller 
250 |a 3. Auflage 
264 1 |a Ansbach :  |b Prögel,  |c 1943 
300 |a VII, 256 stran 
336 |a text  |b txt  |2 rdacontent 
337 |a bez média  |b n  |2 rdamedia 
338 |a svazek  |b nc  |2 rdacarrier 
490 1 |a Der neue Weg ;  |v Band 2 
830 0 |a Neue Weg 
910 |a BOA001  |b 2-0244.668 
990 |a BK 
991 |b 201510 
996 7 |b 2618733458  |c 2-0244.668  |l MZK  |r Sklad / do 24 hodin  |n 0  |w 001533467  |u 000010  |a 1  |e BOA001  |j MZK50  |s A